000 00592nam a2200229Ia 4500
008 160901s9999 xx 000 0 und d
020 _a0-7645-7986-X
050 _aComSc QA 76.73
050 _b.C153T45 2005
100 _aTelles, Matthews.
245 _aC++ timesaving techniques for dummies /
245 _cMatthew Telles.
260 _aIndiana :
260 _bWiley Publishing Inc.,
260 _c2005
300 _a482 pages :
300 _bill. ;
300 _c23 cm.
440 _aFor dummies
500 _aIncludes index.
650 _aC++ (Computer program language).
999 _c300966
_d300966